Relaciones internacionales y mercenariado griego: del final de la Guerra del Peloponeso a la paz del rey, 404-386 A.C

Sparad:
Bibliografiska uppgifter
Huvudupphovsman: Gómez Castro, Daniel (Författare, medförfattare)
Materialtyp: Bok
Språk:spanska
Publicerad: Barcelona, España Universitat de Barcelona 2012
Serie:Col. lecció Instrumenta, 41
Ämnen:
Taggar: Lägg till en tagg
Inga taggar, Lägg till första taggen!

MARC

LEADER 00000cam a2200000 a 4500
001 UCC3006
003 CL-VaPUC
005 20220113001549.0
008 180329e20120000sp |||||||||||||||||spa|d
999 |c 370873  |d 370871 
020 |a 9788447536733 
040 |c Pontificia Universidad Católica de Valparaíso 
082 0 4 |a 938.05 GOM 2012  |2 21 
100 0 |a Gómez Castro, Daniel  |e author  |9 597019 
245 1 0 |a Relaciones internacionales y mercenariado griego:  |b  del final de la Guerra del Peloponeso a la paz del rey, 404-386 A.C 
260 |a Barcelona, España  |b Universitat de Barcelona  |c 2012 
300 |a 182 páginas 
490 0 |a Col. lecció Instrumenta,  |v  41 
583 |a last modification  |c 20180329 11:34:00  |k Rodrigo Vera 
650 0 |a Historia de Grecia   |9 267917 
650 0 |a Historia antigua  |z GRECIA  |9 267521 
650 0 |a Democracia  |z GRECIA  |9 255256 
650 7 |a GUERRA DEL PELOPONESO  |2 CL-VaPUC  |9 405685  |z GRECIA 
650 0 |a Oligarquía  |z GRECIA  |9 314747 
650 7 |a POLITICA INTERNACIONAL  |2 CL-VaPUC  |9 453063  |z GRECIA 
852 |a BIBCUR 
942 |c BK  |2 ddc 
945 |d 20180329 11:34:00  |a arojas 
952 |0 0  |1 0  |2 ddc  |3 erb  |4 0  |6 938_050000000000000_GOM_2012  |7 0  |8 A  |9 487565  |a BIBHIS  |b BIBHIS  |i 546112K  |o 938.05 GOM 2012  |p 546112K  |r 2025-01-20  |t 1  |w 2019-11-24  |y BK  |z Catalogado en:20180329  |k HIS